000 01975nam a2200385 a 4500
001 ebr10698339
003 CaPaEBR
006 m o u
007 cr cn|||||||||
008 121010s2013 njuab sb 001 0 eng d
010 _z 2012033366
020 _z9780813560984 (hardcover : alk. paper)
020 _z9780813560977 (pbk. : alk. paper)
020 _z9780813560991 (e-book)
040 _aCaPaEBR
_cCaPaEBR
035 _a(OCoLC)842882051
043 _an-us---
050 1 4 _aRA643.83
_b.M33 2013eb
082 0 4 _a362.19697/92
_223
100 1 _aMackenzie, Sonja,
_d1973-
245 1 0 _aStructural intimacies
_h[electronic resource] :
_bsexual stories in the black AIDS epidemic /
_cSonja Mackenzie.
260 _aNew Brunswick, N.J. :
_bRutgers University Press,
_c2013.
300 _axi, 185 p. :
_bill., maps.
490 1 _aCritical issues in health and medicine
504 _aIncludes bibliographical references and index.
505 0 _aStorying sexuality in the black aids epidemic -- A liquor store on every corner : intimate states of alcohol and HIV/AIDS -- Never a black brokeback mountain : sexual silence and the "down low" in the age of AIDS -- Crazy talk : the conspiracy counter narrative in the black aids epidemic -- The president, the preacher, and race and racism in the obama era -- Appendix: methodological matters.
533 _aElectronic reproduction.
_bPalo Alto, Calif. :
_cebrary,
_d2013.
_nAvailable via World Wide Web.
_nAccess may be limited to ebrary affiliated libraries.
650 0 _aAIDS (Disease)
_xSocial aspects
_zUnited States.
650 0 _aAfrican Americans
_xDiseases
_zUnited States.
650 0 _aHIV-positive persons
_zUnited States
_xSocial conditions.
655 7 _aElectronic books.
_2local
710 2 _aebrary, Inc.
830 0 _aCritical issues in health and medicine.
856 4 0 _uhttp://site.ebrary.com/lib/rucke/Doc?id=10698339
_zAn electronic book accessible through the World Wide Web; click to view
999 _c7625
_d7625